| 000 | 00905cam a2200313Ia 4500 | ||
|---|---|---|---|
| 001 | 7755667 | ||
| 005 | 20220326193306.0 | ||
| 008 | 100413s2009 cr 000 m spa d | ||
| 020 | _a9781616234379 | ||
| 020 | _a1616234377 | ||
| 035 | _a(OCoLC)ocn606960123 | ||
| 035 | _a(OCoLC)606960123 | ||
| 035 | _a(NNC)7755667 | ||
| 040 |
_aCSL _beng _cCSL |
||
| 082 |
_a861.44 _bY95f |
||
| 090 |
_aPQ7489.3.Y87 _bF4 2009 |
||
| 100 | 1 |
_aYuré, Luis. _91743 |
|
| 245 | 1 | 0 |
_aFe de ratas / _cLuis Yuré. |
| 260 |
_aSan José, Costa Rica : _bEditorial Germinal, _cc2009. |
||
| 300 |
_a153 p. ; _c21 cm. _bill.; col |
||
| 490 | 1 |
_aColección Lumpen ; _v71 |
|
| 500 | _aPoems and a play. | ||
| 650 |
_aLiteratura _xPoesía _zCosta Rica _9648 |
||
| 655 |
_aTeatro- Poesía _91744 |
||
| 700 |
_aYuré, Luis. _91745 |
||
| 830 | 0 |
_aColección Lumpen ; _v71. _91746 |
|
| 948 | 1 |
_a20100428 _bc _chew2 _dMPS |
|
| 999 |
_c367 _d367 |
||